| 000 | 00515nam a2200193Ia 4500 | ||
|---|---|---|---|
| 005 | 20250326144251.0 | ||
| 008 | 250326s9999 xx 000 0 und d | ||
| 037 | _aTextbook | ||
| 040 |
_aFMSL _beng _cFMSL |
||
| 041 |
_aeng _2eng |
||
| 084 |
_aY15 P1 _qFMSL |
||
| 100 |
_aUeki M _9749357 |
||
| 245 | 0 |
_aAsian thought and culture _cUeki M |
|
| 260 |
_aBoston _bBoston, Peter Lang _c2001 |
||
| 365 | _b1768.9000000000001 | ||
| 650 | _aManagement | ||
| 942 |
_cTB _hY15 P1 |
||
| 999 |
_c1303063 _d1303063 |
||